000 01458nam a2200313 i 4500
001 000047856
003 DO-SdBNP
005 20240923094212.0
007 ta
008 180830e2011 dr ab ri 000 spa d
020 _a9789993467670
040 _aDO-SdBNP
_bspa
_cBNPHU
_erda
082 4 _bB311
_222
245 0 _aBasílica Catedral de Santo Domingo /
_ccoordinación y edición, José Chez Checo ; edición, Yovanni Céspedes Turbí
264 _aSanto Domingo :
_bEditora Arzobispado de la Ciudad Colonial,
_c2011.
300 _a606 páginas :
_bilustraciones ; mapas ;
_c40 cm.
336 _atexto
_btxt
_2rdacontent
337 _asin mediación
_bn
_2rdamedia
338 _avolumen
_bnc
_2rdacarrier
500 _aFuentes de ilustraciones : páginas 589-598
504 _aBibliografía : páginas 573-588
505 2 _tPresentación.-
505 2 _aPresentación--
_tPrimera parte. Historia--
_tSegunda parte. Arquitectura de la Catedral--
_tTercera parte. Restauración--
_tCuarta parte. La Catedral, su polígono y sus colecciones de Arte--
_tQuinta parte. Marco Histórico de la Catedral Metropolitana 1504-2011--
_tFuentes: Documentos y bibliografía genearal--
_tFuentes de ilustraciones--
_tLos autores.
590 _aInventariado, 2024/BT
700 1 _aChez Checo, José,
_d1949-
_ecoordinación y edición.
_4coord. y ed.
_910145
700 1 _aCéspedes Turbí, Yovanni,
_eedición
_4ed.
_986639
910 _aBtavárez
942 _2ddc
_cLBS1
999 _c47344
_d47344